Pixar Villains - Statistics

General Stats
  • This quiz has been taken 82 times
  • The average score is 12 of 29
Answer Stats
Hint Answer % Correct
Toy Story Sid
90%
The Incredibles Syndrome
83%
Toy Story 3 Lotso
81%
Cars Chick Hicks
67%
Monsters, Inc. Randall
62%
Toy Story 2 Stinky Pete
60%
A Bug's Life Hopper
59%
Lightyear Zurg
48%
Cars 3 Jackson Storm
47%
Ratatouille Skinner
45%
Coco Ernesto De La Cruz
43%
WALL-E AUTO
41%
Finding Nemo Darla
41%
Brave Mor'du
41%
Up Charles Muntz
38%
Toy Story 4 Gabby Gabby
38%
Inside Out 2 Anxiety
36%
Incredibles 2 Screenslaver
36%
Cars 2 Miles Axlerod
26%
Inside Out Jangles
24%
The Good Dinosaur Thunderclap
24%
Monsters University Johnny Worthington
22%
Onward Curse Dragon
17%
Luca Ercole
17%
Soul Terry
17%
Finding Dory Giant Squid
16%
Turning Red Ming Lee
14%
Elio Lord Grigon
12%
Elemental Bernie Lumen
10%
No matching quizzes found
Score Distribution
Percent of People with Each Score
Percentile by Number Answered
Your Score History
You have not taken this quiz